| 000 | 00967nam a22002537a 4500 | ||
|---|---|---|---|
| 999 |
_c6706 _d6706 |
||
| 003 | AR-CdUCM | ||
| 008 | 190319b ||||| |||| 00| 0 spa d | ||
| 040 |
_aMUNICIPALIDAD PROVINCIAL DEL CUSCO _cBIBLIOTECA MUNICIPAL DEL CUSCO |
||
| 041 | _heng | ||
| 082 |
_a530 / _bC87 |
||
| 100 |
_aCowling, T. G. _918869 |
||
| 245 | _aMagnetohi - drodinámica / | ||
| 260 |
_aMadrid : _bAlhambra, _c1968. |
||
| 300 |
_a125 paginas ; _bIlustraciones, diagramas, formulas, cuadros, _c20 cm. |
||
| 440 |
_aColección Exedra ciencia técnica - ingeniería _n21 _918870 |
||
| 500 | _aTitulo original : Magnetohidrodynamics | ||
| 505 | _aMagnetohidrostática -- Propagación de ondas -- Campos magnéticos e inestabilidad -- Teorías dinamo -- Gases ionizados... | ||
| 650 |
_aFísica _92382 |
||
| 650 |
_aIonización de gases _918871 |
||
| 650 |
_aEstructura molecular _918872 |
||
| 700 |
_aSánchez Quesada, Francisco (Traductor) _918873 |
||
| 942 |
_2ddc _cLIBROS |
||
| 945 | _awnts | ||